Základy bezpečnostního práva

Bibliographic Details
Main Author: Lukeš, Zdeněk, 1910-1991 (Author)
Format: Book
Language:Undetermined
PhysicalDescription:211 s.
Published: Praha Academia 1971

MARC

LEADER 00000nam a2200000 a 4500
001 vtls001409086
003 SK-MaSNL
005 20260301162058.0
008 210928s1971 xx 0 und
035 |a SNK000363767 
040 |a SNK  |b slo  |c SNK  |e AACR2 
100 1 |a Lukeš, Zdeněk,  |d 1910-1991  |4 aut  |9 201839 
245 1 |a Základy bezpečnostního práva 
260 |a Praha  |b Academia  |c 1971 
300 |a 211 s. 
958 |a OND 
999 |c 811921  |d 813851 
952 |t P60, <04>, [BOOK], {604}  |a SNK  |b SNK  |y VYP  |7 0  |p 17A0267863  |o snkIC 50250  |0 0  |1 0  |4 0  |d 2001-03-08  |l 0  |r 2005-01-02 00:00:00  |w 2026-02-24 
952 |a SNK  |b SNK  |y NEVYP  |7 0  |p 17A0400591  |o snkIC 50250 D1  |i snkKIP 8532/71  |0 0  |1 1  |4 0  |d 2003-10-23  |l 0  |r 2005-01-02 00:00:00  |w 2026-02-24